=LDR 00000nam 2200000 4500 =001 INLIS000000000046449 =005 20150323083231.0 =006 =007 =008 =035 ##$$0010-031500000000221 =040 ##$$a NBPDMAT =082 ##$$a 351.72 =090 ##$$a 351.71 $b Pet p =245 ##$$a Petunjuk pelaksanaan kegiatan dana dekonsentralisasi / $c Editor, Rachmawati =260 ##$$a jakarta $b perpustakaan nasional RI $c 2103 =300 ##$$a vi, 35 hlm. $c 21 cm. =990 ##$$a 0001/BPAP-NTB/20142015 =990 ##$$a 0001/BPAP-NTB/20142015 =990 ##$$a 0001/BPAP-NTB/20142015 =990 ##$$a 0001/BPAP-NTB/20142015